000 00457nam a22001817a 4500
003 CEME
005 20210628201746.0
008 210201b xxu||||| |||| 00| 0 eng d
020 _a0-340-79619-7
040 _c.
082 _a823.008 BLY
100 _aBlyton,Enid
_911689
245 _aThe famous five:five go off in a caravan
260 _aNEW YROK
_bHODDER
_c2001
300 _a278P
650 _aENGLISH LITERATURE-STORIES
_91860
942 _cBK
_2ddc
999 _c567060
_d567060